Quizzes
Events
Quiz Creation
Community
Videos
Private Events
Remove Ads
Sign In
Join for FREE
Feedback
Dark Mode
Quiz Categories
Sports
Geography
Music
Movies
Television
Just For Fun
Miscellaneous
History
Literature
Language
Science
Gaming
Entertainment
Religion
Holiday
For Kids
Quiz Lab
Recent
Popular Today
Quiz Kudos Today
Editor Picks
Curator Picks
Quizzes by...
Day
Popularity
Type
Ratings
Length
Year
Community
Subscriptions
Recent Discussions
Orange Saloon
Badges
Playlists
Quests
Create
Leaderboards
Showdown
Live 5
Trivia Bingo
Activity
Puzzle Library
Sporcle Events
Private Events
Virtual Trivia
Globe League
Become a Host
Pub Owners
SporcleCon
Opinionation
Our Games
Videos
Blog
Mobile Apps
Partnerships
Remove Ads and Go Orange
Feedback
Sports
Athletes
MLB
NBA
NHL
NFL
Soccer
Sports Teams
WWE
NCAA
Football
Premier League
Basketball
Baseball
Hockey
Golf
Tennis
Cricket
Rugby
Auto Racing
Olympics
World Cup
Sports
Athletes
MLB
NBA
NHL
NFL
Soccer
Sports Teams
WWE
NCAA
Football
Premier League
Basketball
Baseball
Hockey
Golf
Tennis
Cricket
Rugby
Auto Racing
Olympics
World Cup
Random Quiz
Search Sporcle
×
Quiz Lab
Quiz Lab
Sports
past
Type in answers that appear in a list
Type in answers that appear in a list
Classic
Best Score? Go Orange.
Uefa Champions League Past Winners Stats
Can you name the Uefa Champions League Past Winners?
By
at_agent3
4m
54 Questions
1,124 Plays
1,124 Plays
1,124 Plays
Comments
Comments
Give Quiz Kudos
Give Quiz Kudos
-
- Ratings
hide this ad
More Info
Replay
Link that replays current quiz
Next Quiz
Link to next quiz in quiz playlist
You Got
0%
They Got
Avg Score
84%
Avg Friend Score
Upgrade to see
Score Distribution
Jump to the score distribution portion of the page
Score
0/54
Timer
04:00
0
Plays Today
Year
Team
% Correct
1956
Real Madrid
98.6%
1958
Real Madrid
98.6%
1957
Real Madrid
98.6%
1960
Real Madrid
98.6%
1959
Real Madrid
98.6%
1966
Real Madrid
98.6%
1998
Real Madrid
98.6%
2000
Real Madrid
98.6%
2002
Real Madrid
98.6%
1992
FC Barcelona
98.4%
2006
FC Barcelona
98.4%
2009
FC Barcelona
98.4%
1968
Manchester United
98.2%
1999
Manchester United
98.2%
2007
AC Milan
97.7%
1963
AC Milan
97.7%
1969
AC Milan
97.7%
1989
AC Milan
97.7%
1990
AC Milan
97.7%
1994
AC Milan
97.7%
2003
AC Milan
97.7%
1977
Liverpool
97.4%
1978
Liverpool
97.4%
1981
Liverpool
97.4%
1984
Liverpool
97.4%
2005
Liverpool
97.4%
2008
Manchester United
96.3%
Year
Team
% Correct
1974
Bayern Munich
90%
1975
Bayern Munich
90%
1976
Bayern Munich
90%
2001
Bayern Munich
90%
1987
FC Porto
88.2%
2004
FC Porto
88.2%
1985
Juventus
86.8%
1996
Juventus
86.8%
1971
AFC Ajax
82.9%
1972
AFC Ajax
82.9%
1973
AFC Ajax
82.9%
1995
AFC Ajax
82.9%
1979
Nottingham Forest
75.8%
1980
Nottingham Forest
75.8%
1997
Borussia Dortmund
67.7%
1967
Celtic
66.7%
1961
SL Benfica
65.9%
1962
SL Benfica
65.9%
1993
Olympique Marseille
65.8%
1982
Aston Villa
64.7%
1988
PSV
56.9%
1964
Internazionale
56.3%
1965
Internazionale
56.3%
1991
Red Star
48%
1983
Hamburg
44.9%
1970
Feyenoord
41%
1986
Steaua Bucharest
32.7%
Quiz Playlist
Details
Report
Send in Message
Add To Playlist
More Info:
See the most successful teams in europe
Classic:
Type in answers that appear in a list
Quiz Source
Last Updated: Feb 16, 2017
Quiz Scoreboard
CHALLENGE
Sign Up to Join the Scoreboard
Show All
Scores
Hide
Comments
May contain spoilers
Recently Published
Billboard Blitz: Fleetwood Mac
by CooCooCachoo
Music
15s
Presidents Visiting Landmarks
by Hejman
History
7m
An Introduction to Baseball
by treessimontrees
Sports
5m
More to Explore
Quiz From the Vault
Featured Blog Post
Where Did the Easter Bunny Come From?
hide this ad
You Might Also Like...
Tags
champion
League
past
team
UEFA
UEFA Champions' League
Winner
Today's Top Quizzes in Sports
Browse Sports
hide this ad
Today's Top Quizzes in past
Browse past
Top Contributed Quizzes in Sports
1
Les meilleurs buteurs des matchs entre le PSG et l’OM
2
2022 World Cup Stars
3
FIFA Club World Cup Champions
4
Les entraîneurs de l'OM et du PSG au 21e siècle
5
Criteria MLB: Left Handed Sluggers
6
AFC Teams Reveal (Wrong Answers Minefield)
7
5-to-1: UK Sports Teams
8
Name the Premier League winners with different clubs
9
5-to-1: FBS Animal Nicknames
10
Players with Multiple 50 Home Run Seasons
Explore More
Trending Topics
Crossword
NBA
Harry Potter
Marvel
Disney
Kpop
Anime
NFL
The Office
Puzzle
Country
Song
Pokémon
WWE
Soccer
hide this ad
More By:
at_agent3
Quiz
Plays
Rating
Category
Featured
Created
The 20 biggest NBA salaries (2009-2010)
11,817
4.38
Sports
Jan 24, 2010
Uefa Champions League Past Winners
1,124
3.18
Sports
Feb 3, 2010
Top 20 movie characters(Empire Magazine)
814
2.00
Movies
Feb 6, 2010
Uefa Champions League Top 10 Goalscorers
270
3.00
Sports
Mar 30, 2010
Top 20 National Teams by FIFA
234
2.00
Sports
Apr 12, 2010
Go to Creator's Profile
Score Distribution
Quiz Creator Spotlight
at_agent3
Follow
Send a Message
Quizzes Created
-
Created Quiz Play Count
-
More By This Creator
Popular Quizzes Today
1
Find the US States - No Outlines Minefield
2
Find the Countries of Europe - No Outlines Minefield
3
The Countries of the World
4
Find the US States
5
Risky Map Clicking: Biggest States A-Z
6
US States
7
Popular People in 1961
8
Movies - When Are They Set?
More Sports Quizzes
Bullseye Blitz: NBA!
Published
Trending Quizzes
Risky Map Clicking: Least Populous States A-Z
1-10 Letter G Words
1-10 Letter F Words
Risky Map Clicking: Next State Alphabetically
Click the Washington State Counties! (Map)
Recently Updated
Leaping Animals
pecheneg
Reality TV Shows (A-Z)
bhenderson79
Rickey Henderson's Hall of Fame Teammates
pecheneg
Champions League XIs: Arsenal
pecheneg
Quick Pick: Celebrities in WWE's Hall of Fame
aduchscher
A-Z Keypad Blitz II
pecheneg
Multiple Oscar Actors
pecheneg
Mystery Phrase Blitz: Oscar 'Best Actors'
pecheneg
F. Scott Fitzgerald Novels
LTH
Pick 3 Villains
ddd62291
Trending Topics
Marvel
Kpop
NBA
Harry Potter
Crossword
Disney
Anime
The Office
NFL
WWE
Soccer
Song
Pokémon
Puzzle
Country
Your Account Isn't Verified!
In order to create a playlist on Sporcle, you need to verify the email address you used during registration. Go to your
Sporcle Settings
to finish the process.
Report this User
Report this user for behavior that violates our
Community Guidelines
.
Details:
Send Report
Go to the Sporcle.com Mobile Site →
Comments